000 00829nam a2200205Ia 4500
008 151119s9999||||xx |||||||||||||| ||und||
082 _a891.463जाखोटि/आक्रम
082 _bGKKV33926
100 _aजाखोटिया गिरीश
245 _aआक्रमण (२१ व्या शतकातील महाभारत)
260 _aऔरंगाबाद
260 _bसाकेत प्रकाशन
260 _c2014
300 _a440p.
600 _aजाखोटिया गिरीश
630 _aआक्रमण (२१ व्या शतकातील महाभारत)
700 _aजाखोटिया गिरीश
730 _aआक्रमण (२१ व्या शतकातील महाभारत)
942 _cBOOK
999 _c1086219
_d1086216